| 000 | 01011nas a2200301 4500 | ||
|---|---|---|---|
| 001 | BR8102379 | ||
| 003 | BR-BrBNA | ||
| 005 | 20231205084654.0 | ||
| 007 | ta | ||
| 008 | 230509b bl.|||p| |||| 00| 00por d | ||
| 040 |
_aBR-BrBNA _bpor _cBiblioteca Nacional de Agricultura |
||
| 041 | _a(Pt) | ||
| 072 | _aL73 | ||
| 100 | 1 | _aJerez, J.A. | |
| 100 | 1 | _aPinto, A.A. | |
| 100 | 1 | _aKoseki, I. | |
| 100 | 1 | _aAbuhab, T.G. | |
| 100 | 1 | _aRodrigues, M.A.L.R. | |
| 100 | 1 | _aGrecchi, R. | |
| 245 | 1 | _aAlgumas caracteristicas de amostras do virus da febre aftosa isoladas de bufalos (Bubalus bubalis, Linnaeus, 1758) | |
| 246 | 1 | _aSome characteristics of foot-and-mouth disease virus strains isolated from buffaloes (Bubalus bubalis, Linnaeus,1758) | |
| 650 | _aDoenca animal | ||
| 650 | _aBufalo | ||
| 650 | _aAftosa | ||
| 773 | 0 |
_tArquivos do Instituto Biologico (Brazil) _xISSN 0020-3653 _g(Jan 1980), v. 47(1-2) p. 19-22 _wBR8102379 |
|
| 909 |
_a202311 _bLúcia _c55 _dLúcia Elande |
||
| 942 |
_2AGRIS _n0 _cANA |
||
| 999 |
_c106592 _d106592 |
||